Coupe de France: Clubs de L2 (ou divisions inférieures) en demi-finale - Statistiques

Statistiques générales
  • Ce quiz a été pris 117 fois
  • Le résultat moyen est 9 sur 18
Statistiques - réponses
Réponse % Correct
AJ Auxerre
77%
FC Annecy
73%
Les Herbiers VF
72%
Calais RUFC
67%
US Quevilly
67%
EA Guingamp
63%
FC Sochaux-Montbéliard
60%
SCO Angers
53%
CS Sedan-Ardennes
52%
Amiens SC
51%
Nîmes Olympique
48%
GFCO Ajaccio
47%
Dijon FCO
41%
FC Versailles 78
40%
FC Chambly Oise
37%
LB Châteauroux
37%
GFA Rumilly-Vallières (GF Albanais)
12%
FC Montceau Bourgogne
10%
Aucun quiz correspondant
Distribution des résultats
% des personnes avec chaque résultat
Percentile par nombre de réponses
Votre historique - résultats
Vous n’avez pas pris ce quiz